[Event "DSOL 08 Liga Gr-D 1st"]
[Site "Playchess.com INT"]
[Date "2020.08.14"]
[Round "2.1"]
[White "Rieger, Timo"]
[Black "Schulz, Timon"]
[Result "0-1"]
[WhiteElo "1400"]
[BlackElo "894"]
[PlyCount "48"]
[EventDate "2020.06.22"]
[EventType "team-tourn (rapid)"]
[EventCountry "GER"]
[SourceTitle "EXT 2021"]
[Source "ChessBase"]
[SourceDate "2020.10.23"]
[SourceVersion "1"]
[SourceVersionDate "2020.10.23"]
[SourceQuality "1"]
[WhiteTeam "Plochingen II"]
[BlackTeam "Eichstetten II"]
[WhiteTeamCountry "GER"]
[BlackTeamCountry "GER"]

1. e4 e5 2. Nf3 Nf6 3. Nc3 Nc6 4. Bc4 Nxe4 5. Nxe4 d5 6. Bxd5 Qxd5 7. Nc3 Qd8 8. 0-0 Be7 9. Re1 Bg4 10. d3 0-0 11. h3 Bh5 12. g4 Bg6 13. Nxe5 Nxe5 14. Rxe5 Bd6 15. Re2 f5 16. f3 Qh4 17. Rg2 Qxh3 18. Be3 Rae8 19. Nd5 fxg4 20. Bf2 gxf3 21. Rg5 Bh2+ 22. Kh1 Bg3+ 23. Kg1 Qh2+ 24. Kf1 Qxf2# 0-1

[Event "DSOL 08 Liga Gr-D 1st"]
[Site "Playchess.com INT"]
[Date "2020.07.06"]
[Round "3.1"]
[White "Michels, Holger"]
[Black "Rieger, Timo"]
[Result "0-1"]
[WhiteElo "1798"]
[BlackElo "1400"]
[PlyCount "112"]
[EventDate "2020.06.22"]
[EventType "team-tourn (rapid)"]
[EventCountry "GER"]
[SourceTitle "EXT 2021"]
[Source "ChessBase"]
[SourceDate "2020.10.23"]
[SourceVersion "1"]
[SourceVersionDate "2020.10.23"]
[SourceQuality "1"]
[WhiteTeam "Kastellaun II"]
[BlackTeam "Plochingen II"]
[WhiteTeamCountry "GER"]
[BlackTeamCountry "GER"]

1. c4 Nf6 2. g3 g6 3. Bg2 Bg7 4. Nc3 0-0 5. e4 e5 6. d3 c5 7. Nge2 Nc6 8. 0-0 d6 9. h3 Be6 10. Be3 Qd7 11. Kh2 Rad8 12. f4 b6 13. f5 gxf5 14. exf5 Bxf5 15. Bxc6 Qc8 16. Bg2 h6 17. Qd2 Qe6 18. Bxh6 Bxh6 19. Qxh6 Ng4+ 20. hxg4 Qxh6+ 21. Kg1 Bxg4 22. Kf2 f5 23. Bd5+ Kg7 24. Rh1 Qd2 25. Rhd1 Qxb2 26. Rab1 Qa3 27. Rh1 Rh8 28. Bf3 Rxh1 29. Rxh1 Rh8 30. Rxh8 Kxh8 31. Bxg4 fxg4 32. Ke3 Qa6 33. a4 Kg7 34. Ke4 Qb7+ 35. Nd5 Kg6 36. Ke3 Kf5 37. Nec3 Qg7 38. Ne4 Qh6+ 39. Ke2 Qh2+ 40. Ke3 Qa2 41. Nxd6+ Ke6 42. Nc3 Qg2 43. Nde4 Qf3+ 44. Kd2 Qg2+ 45. Ke3 Qg1+ 46. Ke2 Qd4 47. Ng5+ Kf5 48. Nge4 Kg6 49. Nd5 Qb2+ 50. Ke3 Qc1+ 51. Ke2 Qc2+ 52. Ke3 Qxa4 53. Ne7+ Kf7 54. Nd5 a5 55. Nxb6 Qd1 56. Nd6+ Ke6 0-1